000 00861nam0a22002771 4500
001 RU\NLR\INFOCOMM_161\5000081173
005 20250613100041.0
035 _a(NLR Aleph) 009325443
090 _a9421500
_c9421500
100 _a20100919d1978 |||y0rusy50 ca
101 0 _aeng
102 _aRU
105 _ay ||||000|y
200 1 _aˆThe ‰future of chemistry
_fAcad. N. Emanuel
210 _a[Москва]
_cВИНИТИ
_d1978
215 _a22 с.
_d26 см
300 _aВ вып. дан.: Будущее химии / Акад. Н. Эмануэль
300 _aБез тит. л. и обл.
686 _aГ.г
_2rubbk
700 1 _9z02790
_aÉmanuél'
_bN. M.
_f1915-
_gNikolaj Markovič
_4070
790 1 _9z02700
_aEmanuel
_bN.
_4070
801 1 _aRU
_bNLR
_c20100919
801 0 _aRU
_bNLR
_gPSBO
852 _aNLR
_jХ01 Д-8/24
942 _cBOOK
980 _aNB